| 000 | 00490nam a2200181 4500 | ||
|---|---|---|---|
| 001 | 17717 | ||
| 005 | 20230410101817.0 | ||
| 008 | 060907n2000 dr spa | ||
| 020 | _a0884951685 | ||
| 035 | _9funglode17854 | ||
| 041 | _aES | ||
| 050 | 1 | 4 | _a117 F 1976 A173h 2000 |
| 100 | _aAcevedo Vilá, Anibal | ||
| 245 | 1 |
_aEn honor a la verdad / _cAnibal Acevedo Vilá |
|
| 260 |
_aSan Juan, Puerto Rico : _bEditorial Cordillera, _c2000 |
||
| 300 | _a254 p. | ||
| 942 |
_2lcc _cbk |
||
| 999 |
_c14504 _d14504 |
||